Logo

Description automatically generated
विद्यार्जन
 संसाधन केंद्र, भारतीय प्रौद्योगिकी संस्थान इन्दौर
Learning Resource Center, Indian Institute of Technology Indore

ऑनलाइन सार्वजनिक अभिगम प्रसूची
Online Public Access Catalogue (OPAC)

Automotive technology : principles, diagnosis, and service [6th ed.] (Record no. 53149)

MARC details
000 -LEADER
fixed length control field 00622nam a22002057a 4500
005 - DATE AND TIME OF LATEST TRANSACTION
control field 20260427094527.0
008 - FIXED-LENGTH DATA ELEMENTS--GENERAL INFORMATION
fixed length control field 260427b |||||||| |||| 00| 0 eng d
020 ## - INTERNATIONAL STANDARD BOOK NUMBER
International Standard Book Number 9780135257272
Qualifying information hb
020 ## - INTERNATIONAL STANDARD BOOK NUMBER
International Standard Book Number 0135257271
Qualifying information hb
082 ## - DEWEY DECIMAL CLASSIFICATION NUMBER
Classification number 629.287
Item number HAL.6E
100 ## - MAIN ENTRY--PERSONAL NAME
Personal name Halderman, James D.
245 ## - TITLE STATEMENT
Title Automotive technology : principles, diagnosis, and service [6th ed.]
250 ## - EDITION STATEMENT
Edition statement 6th ed.
260 ## - PUBLICATION, DISTRIBUTION, ETC.
Place of publication, distribution, etc. Hoboken, NJ
Name of publisher, distributor, etc. Pearson Education
Date of publication, distribution, etc. 2020
300 ## - PHYSICAL DESCRIPTION
Extent xiii, 1761p. ; 30cm.
653 ## - INDEX TERM--UNCONTROLLED
Uncontrolled term Automobiles--Maintenance and repair
653 ## - INDEX TERM--UNCONTROLLED
Uncontrolled term Automobiles--Design and construction
653 ## - INDEX TERM--UNCONTROLLED
Uncontrolled term ME316
942 ## - ADDED ENTRY ELEMENTS (KOHA)
Source of classification or shelving scheme Dewey Decimal Classification
Koha item type Book
Holdings
Withdrawn status Lost status Source of classification or shelving scheme Damaged status Not for loan Collection code Home library Current library Shelving location Date acquired Source of acquisition Total Checkouts Full call number Barcode Date last seen Price effective from Koha item type
    Dewey Decimal Classification     Text/Reserve Book LRC, IIT Indore LRC, IIT Indore 2nd Floor - Textbook Reserve 23/04/2026 PO_2025-26_PO-104 ,Vendor: Technical Bureau India Pvt. Ltd., New Delhi ; Inv. No.: TB101, dt.13.04.2026 ; Price: USD 239.99   629.287 HAL.6E 38825 28/04/2026 27/04/2026 Text/Reserve Book
Copyright © 2024, 2021, 2017 Indian Institute of Technology Indore. All Rights Reserved.
Managed & maintained by Learning Resource Center, IIT Indore